Návrh obnovy národnej kultúrnej pamiatky Štúrova 2, Bratislava

Enregistré dans:
Détails bibliographiques
Auteur principal: Kvasnicová, Magdaléna, 1957- (Auteur)
Format: Livre
Publié: Bratislava : STU v Bratislave FA, 2002
Tags: Ajouter un tag
Pas de tags, Soyez le premier à ajouter un tag!

MARC

LEADER 00000nam a22000003a 4500
001 stu152574
005 20150617225948.7
008 071128s2002----------------------------d
040 |a STU  |b slo 
041 0
100 1 |a Kvasnicová, Magdaléna,  |d 1957-  |4 aut  |u A3130  |9 100  |U FAD Fakulta architektúry  |T FA Ústav dejín a teórie architektúry a obnovy pamiatok  |X 440  |U A3130  |Y 394  |7 A000000440 
245 1 |a Návrh obnovy národnej kultúrnej pamiatky Štúrova 2, Bratislava 
260 |a Bratislava :  |b STU v Bratislave FA,  |c 2002 
300 |a nestr  |c výkresová časť